Burnley Current Squad - Statistics

General Stats
  • This quiz has been taken 1,875 times
    744 since last reset
  • The average score is 14 of 33
Answers on the Map
Answers color-coded by a green-red scale on the quiz's map according to % correct below.
 
Answer Stats
# Position Player Nation % Correct
2 DF Kyle Walker
97%
1 GK Martin Dúbravka
89%
27 FW Armando Broja
71%
28 MF Hannibal Mejbri
71%
5 DF Maxime Estève
64%
Head Coach Scott Parker
60%
9 FW Lyle Foster
59%
11 FW Jaidon Anthony
56%
3 DF Quilindschy Hartman
53%
6 DF Axel Tuanzebe
49%
24 MF Josh Cullen
49%
10 FW Marcus Edwards
49%
8 MF Lesley Ugochukwu
46%
25 FW Zeki Amdouni
45%
18 DF Hjalmar Ekdal Sweden
44%
7 FW Jacob Bruun Larsen
42%
19 FW Zian Flemming
41%
35 FW Ashley Barnes
40%
4 DF Joe Worrall
31%
16 MF Florentino Luis
30%
36 DF Jordan Beyer
29%
29 MF Josh Laurent
27%
12 DF Bashir Humphreys
25%
14 DF Connor Roberts
25%
23 DF Lucas Pires
24%
17 FW Loum Tchaouna
23%
31 MF Mike Trésor
23%
22 DF Oliver Sonne
21%
13 GK Max Weiß
20%
32 GK Václav Hladký
19%
44 DF Hannes Delcroix
15%
48 FW Enock Agyei
12%
34 FW Jaydon Banel
10%
No matching quizzes found
Score Distribution
Percent of People with Each Score
Percentile by Number Answered
Your Score History
You have not taken this quiz since the last reset